| 000 | 01776cam a2200421 a 4500 | ||
|---|---|---|---|
| 999 |
_c233228 _d233228 |
||
| 001 | 18151694 | ||
| 003 | Nust | ||
| 005 | 20170305160852.0 | ||
| 008 | 140514t20122008cau 000 1 eng d | ||
| 010 | _a 2013498605 | ||
| 020 | _a9780007420766 | ||
| 035 | _a(OCoLC)ocn781646519 | ||
| 040 |
_aUPZ _cUPZ _dBTCTA _dBDX _dYDXCP _dYEQ _dMR0 _dSHM _dCDX _dOCLCF _dP4I _dDLC |
||
| 041 | 1 |
_aeng _hswe |
|
| 042 | _alccopycat | ||
| 043 | _ae-sw--- | ||
| 050 | 0 | 0 |
_aPT9877.22.A34 _bS7313 2012b |
| 082 | 0 | 4 |
_a839.738 _bLAC |
| 100 | 1 |
_aLäckberg, Camilla, _d1974- |
|
| 240 | 1 | 0 |
_aStenhuggaren. _lEnglish |
| 245 | 1 | 4 |
_aThe stonecutter / _cCamilla Läckberg ; translated by Steven T. Murray. |
| 250 | _a1st Pegasus Books ed. | ||
| 260 |
_aBerkeley, Calif. : _bPegasus Books, _c2012. |
||
| 300 |
_a565 p. ; _c24 cm. |
||
| 500 | _aTranslated from the Swedish. | ||
| 520 | _aWhen a young girl's body is pulled out of the harbor in the small Swedish resort town of Fjallbacka, Det. Patrik Hedström becomes the lead investigator as he struggles with lazy and inept colleagues and an even remoter-than-usual boss. It's his grim task to discover who could be behind the murder of the child both he and his partner Erica knew well. | ||
| 650 | 0 |
_aMurder _xInvestigation _vFiction. |
|
| 650 | 0 |
_aChildren _xCrimes against _vFiction. |
|
| 650 | 0 |
_aCity and town life _zSweden _vFiction. |
|
| 650 | 0 |
_aPolice _zSweden _vFiction. |
|
| 650 | 0 |
_aDrowning victims _vFiction. |
|
| 650 | 0 |
_aPostpartum depression _vFiction. |
|
| 650 | 0 |
_aGirls _xCrimes against _vFiction. |
|
| 655 | 7 |
_aMystery fiction. _2gsafd |
|
| 700 | 1 | _aMurray, Steven T. | |
| 906 |
_a7 _bcbc _ccopycat _d2 _encip _f20 _gy-gencatlg |
||
| 942 |
_2ddc _cBK |
||